[Event "Titled Tuesday intern op 21st May Late"]
[Site "Chess.com INT"]
[Date "2024.05.21"]
[Round "7"]
[White "Alonso Orta, Osiel Alberto"]
[Black "Mei, Austin"]
[Result "0-1"]
[WhiteElo "2044"]
[BlackElo "2280"]
[PlyCount "78"]
[EventDate "2024.05.21"]
[EventType "swiss (blitz)"]
[EventRounds "11"]
[EventCountry "USA"]
[SourceTitle "CB22_2024"]
[SourceDate "2024.05.29"]
[SourceVersion "1"]
[SourceVersionDate "2024.05.29"]
[SourceQuality "1"]

1. e4 c5 2. Nf3 e6 3. d4 cxd4 4. Nxd4 Nf6 5. Nc3 Nc6 6. g3 Bc5 7. Nb3 Bb6 8. Bg2 0-0 9. 0-0 a6 10. Bg5 d6 11. Qd2 h6 12. Bxf6 Qxf6 13. Qxd6 Rd8 14. Qf4 Qxf4 15. gxf4 Nb4 16. Rac1 g5 17. fxg5 hxg5 18. a3 Nc6 19. Rcd1 Bd7 20. Rd2 Ne5 21. Rfd1 Kf8 22. Nd4 Ke7 23. b3 Rac8 24. Nce2 Be8 25. c3 Bc5 26. b4 Bb6 27. Nf3 Nc6 28. Nxg5 f6 29. Rxd8 Nxd8 30. Nf3 Bb5 31. Nfd4 Bc4 32. Nf4 Nf7 33. Bh3 Ng5 34. Bg4 Rg8 35. Kh1 Nxe4 36. Nh3 Rxg4 37. f3 Rh4 38. fxe4 Rxh3 39. Nxe6 Kxe6 0-1

[Event "Titled Tuesday intern op 21st May Late"]
[Site "Chess.com INT"]
[Date "2024.05.21"]
[Round "6"]
[White "Radhakrishnan, Sharath"]
[Black "Alonso Orta, Osiel Alberto"]
[Result "0-1"]
[WhiteElo "2001"]
[BlackElo "2044"]
[PlyCount "64"]
[EventDate "2024.05.21"]
[EventType "swiss (blitz)"]
[EventRounds "11"]
[EventCountry "USA"]
[SourceTitle "CB22_2024"]
[SourceDate "2024.05.29"]
[SourceVersion "1"]
[SourceVersionDate "2024.05.29"]
[SourceQuality "1"]

1. e4 c5 2. Nf3 d6 3. d4 cxd4 4. Nxd4 Nf6 5. Nc3 a6 6. Be3 e6 7. f3 b5 8. a4 b4 9. Na2 e5 10. Nb3 Nc6 11. Bc4 Be6 12. Bxe6 fxe6 13. 0-0 Be7 14. c3 a5 15. Qd2 Rb8 16. Rac1 0-0 17. cxb4 Nxb4 18. Nc3 d5 19. Nb5 dxe4 20. Qxd8 Rfxd8 21. fxe4 Nxe4 22. Rc7 Nd5 23. Ra7 Nxe3 24. Re1 Bg5 25. h4 Bf4 26. Re7 Bg3 27. Rb1 Rd3 28. Nxa5 Rbd8 29. Rf1 Nxf1 30. Kxf1 Re3 31. Nc3 Nxc3 32. bxc3 Rd1# 0-1

[Event "Titled Tuesday intern op 14th May Late"]
[Site "Chess.com INT"]
[Date "2024.05.14"]
[Round "5"]
[White "Kang, Dorian"]
[Black "Alonso Orta, Osiel Alberto"]
[Result "0-1"]
[WhiteElo "2194"]
[BlackElo "2046"]
[PlyCount "92"]
[EventDate "2024.05.14"]
[EventType "swiss (blitz)"]
[EventRounds "11"]
[EventCountry "USA"]
[SourceTitle "CB21_2024"]
[SourceDate "2024.05.22"]
[SourceVersion "1"]
[SourceVersionDate "2024.05.22"]
[SourceQuality "1"]

1. c4 Nf6 2. Nc3 g6 3. e4 Bg7 4. e5 Ng8 5. d4 d6 6. f4 Nd7 7. Nf3 c5 8. exd6 exd6 9. d5 Ngf6 10. Be2 0-0 11. 0-0 Re8 12. Bd3 a6 13. Bd2 Ng4 14. Re1 f5 15. h3 Ngf6 16. Ng5 Nb6 17. Qf3 h6 18. Ne6 Bxe6 19. dxe6 Qc8 20. e7 Qd7 21. Qe2 Kf7 22. Nd5 Nbxd5 23. cxd5 Rxe7 24. Qf3 Rae8 25. Rxe7+ Rxe7 26. Bc3 b5 27. a3 a5 28. b4 axb4 29. axb4 cxb4 30. Bd4 Qe8 31. Kh2 Kg8 32. Ra6 Ne4 33. Bxg7 Kxg7 34. Rb6 Nc3 35. Rxd6 Re3 36. Qf1 Qe7 37. Rb6 b3 38. d6 Qa7 39. Rc6 Nd5 40. Bxb5 b2 41. Bc4 Qa1 42. d7 Qxf1 43. Bxf1 b1Q 44. d8Q Qxf1 45. Qxd5 Qxf4+ 46. Kg1 Re1# 0-1

[Event "Titled Tuesday intern op 14th May Late"]
[Site "Chess.com INT"]
[Date "2024.05.14"]
[Round "2"]
[White "Ljubarov, Mark"]
[Black "Alonso Orta, Osiel Alberto"]
[Result "1-0"]
[WhiteElo "2354"]
[BlackElo "2046"]
[PlyCount "89"]
[EventDate "2024.05.14"]
[EventType "swiss (blitz)"]
[EventRounds "11"]
[EventCountry "USA"]
[SourceTitle "CB21_2024"]
[SourceDate "2024.05.22"]
[SourceVersion "1"]
[SourceVersionDate "2024.05.22"]
[SourceQuality "1"]

1. e4 c5 2. Nf3 d6 3. d4 cxd4 4. Nxd4 Nf6 5. Nc3 a6 6. a4 e6 7. Bd3 Nbd7 8. 0-0 Nc5 9. Bg5 Nxd3 10. cxd3 Be7 11. Kh1 Qa5 12. f4 Bd7 13. Qb3 h6 14. Bxf6 Bxf6 15. Qxb7 Qd8 16. e5 Be7 17. exd6 Bxd6 18. f5 e5 19. Ne6 fxe6 20. fxe6 Bxe6 21. Qxg7 Rf8 22. Ne4 Qe7 23. Nf6+ Kd8 24. Qxh6 Rb8 25. Rac1 Rxb2 26. Ne4 Bc7 27. Rxf8+ Kd7 28. Nc5+ Kd6 29. Rf6 Kd5 30. Nxe6 Ba5 31. Qg6 Qb4 32. Qe4+ Qxe4 33. dxe4+ Kxe4 34. Nc5+ Kd4 35. Nxa6 Rd2 36. Rd6+ Ke3 37. Rxd2 Kxd2 38. Rb1 e4 39. Nc5 e3 40. Nb3+ Kc2 41. Nxa5 Kxb1 42. Nc4 e2 43. Nd2+ Kc2 44. Nf3 Kd1 45. a5 1-0

[Event "Titled Tuesday intern op 23rd Apr Late"]
[Site "Chess.com INT"]
[Date "2024.04.23"]
[Round "5"]
[White "Alonso Orta, Osiel Alberto"]
[Black "Boder, Jan"]
[Result "1/2-1/2"]
[WhiteElo "2043"]
[BlackElo "2328"]
[PlyCount "115"]
[EventDate "2024.04.23"]
[EventType "swiss (blitz)"]
[EventRounds "11"]
[EventCountry "USA"]
[SourceTitle "CB18_2024"]
[SourceDate "2024.05.01"]
[SourceVersion "1"]
[SourceVersionDate "2024.05.01"]
[SourceQuality "2"]

1. e4 e5 2. Nf3 Nf6 3. Nxe5 d6 4. Nf3 Nxe4 5. Nc3 Nxc3 6. dxc3 Be7 7. Be3 Nd7 8. Qd2 Nf6 9. 0-0-0 0-0 10. Bd3 c5 11. h4 b5 12. Bxb5 Rb8 13. Bc4 Qa5 14. Rhe1 Be6 15. Bxe6 fxe6 16. a3 Nd5 17. c4 Qb6 18. b3 Qa6 19. cxd5 Qxa3+ 20. Kb1 Bf6 21. Nd4 cxd4 22. Bxd4 e5 23. Bb2 Qc5 24. h5 Rfc8 25. g4 a5 26. Rg1 a4 27. g5 axb3 28. cxb3 Bd8 29. h6 g6 30. f4 Rxb3 31. Rc1 Qb6 32. Rxc8 Qxg1+ 33. Qc1 Qxc1+ 34. Kxc1 exf4 35. Rxd8+ Kf7 36. Rxd6 Rg3 37. Rf6+ Ke7 38. Rxf4 Kd6 39. Rd4 Rxg5 40. Rd2 Rxd5 41. Ba3+ Ke6 42. Rxd5 Kxd5 43. Kd2 Ke5 44. Ke3 Kf5 45. Kf3 Kg5 46. Bf8 Kf6 47. Kg4 Kf7 48. Bg7 Kg8 49. Kg5 Kf7 50. Ba1 Kg8 51. Kf6 Kf8 52. Ke6 Kg8 53. Ke7 g5 54. Bf6 g4 55. Bh4 g3 56. Bxg3 Kh8 57. Be5+ Kg8 58. Bd4 1/2-1/2

[Event "Titled Tuesday intern op 23rd Apr Late"]
[Site "Chess.com INT"]
[Date "2024.04.23"]
[Round "2"]
[White "Alonso Orta, Osiel Alberto"]
[Black "Rietze, Clemens"]
[Result "1-0"]
[WhiteElo "2043"]
[BlackElo "2367"]
[PlyCount "75"]
[EventDate "2024.04.23"]
[EventType "swiss (blitz)"]
[EventRounds "11"]
[EventCountry "USA"]
[SourceTitle "CB18_2024"]
[SourceDate "2024.05.01"]
[SourceVersion "1"]
[SourceVersionDate "2024.05.01"]
[SourceQuality "2"]

1. e4 e5 2. Nf3 Nc6 3. Bb5 a6 4. Ba4 Nf6 5. 0-0 d6 6. d4 b5 7. Bb3 Nxd4 8. Nxd4 exd4 9. c3 dxc3 10. Nxc3 Be7 11. Bg5 0-0 12. Qe2 c5 13. Rad1 c4 14. Bc2 Ne8 15. Bxe7 Qxe7 16. Nd5 Qh4 17. e5 dxe5 18. Qxe5 Nf6 19. Nxf6+ Qxf6 20. Qe4 g6 21. Qxa8 Bf5 22. Qf3 Qxb2 23. Bxf5 gxf5 24. Qxf5 Re8 25. Rfe1 Rxe1+ 26. Rxe1 h6 27. h4 Kg7 28. Qg4+ Kf6 29. Qf4+ Kg7 30. Re7 Qf6 31. Qxf6+ Kxf6 32. Ra7 Ke5 33. Rxa6 c3 34. Rxh6 Kd5 35. Rh8 b4 36. Rc8 Kd4 37. h5 Ke5 38. a3 1-0

[Event "Titled Tuesday intern op 16th Apr Early"]
[Site "Chess.com INT"]
[Date "2024.04.16"]
[Round "5"]
[White "Alonso Orta, Osiel Alberto"]
[Black "Fakhretdinova, Margarita"]
[Result "0-1"]
[WhiteElo "2043"]
[BlackElo "2153"]
[PlyCount "132"]
[EventDate "2024.04.16"]
[EventType "swiss (blitz)"]
[EventRounds "11"]
[EventCountry "USA"]
[SourceTitle "CB17_2024"]
[SourceDate "2024.04.24"]
[SourceVersion "1"]
[SourceVersionDate "2024.04.24"]
[SourceQuality "1"]

1. e4 c5 2. Nf3 d6 3. d4 cxd4 4. Nxd4 Nf6 5. Nc3 g6 6. Be3 Bg7 7. f3 Nc6 8. Qd2 0-0 9. Bc4 Bd7 10. h4 Qa5 11. Bb3 Rfc8 12. 0-0-0 Ne5 13. h5 Nc4 14. Bxc4 Rxc4 15. hxg6 fxg6 16. Bh6 Bh8 17. Kb1 Rac8 18. Nb3 Qc7 19. Nd5 Qd8 20. e5 Bf5 21. exf6 Rxc2 22. Nxe7+ Qxe7 23. Qd5+ Qf7 24. Qxf7+ Kxf7 25. Ka1 Bxf6 26. Nd4 Rxg2 27. Nxf5 Bxb2+ 28. Kb1 gxf5 29. Bf4 Be5 30. Bxe5 dxe5 31. Rxh7+ Ke6 32. Rxb7 Rcc2 33. Rxa7 Rb2+ 34. Ka1 e4 35. Ra6+ Ke5 36. fxe4 fxe4 37. Ra5+ Kf4 38. Ra4 Kf3 39. Re1 e3 40. Ra3 Kf2 41. Rexe3 Rg1+ 42. Kxb2 Rg2 43. Reb3 Ke1+ 44. Kc3 Kd1 45. Kb4 Rc2 46. Ka4 Rc4+ 47. Rb4 Rc7 48. Ka5 Ra7+ 49. Kb5 Rxa3 50. Rb2 Kc1 51. Kb4 Kxb2 52. Kb5 Rxa2 53. Kb4 Ra1 54. Kb5 Rc1 55. Kb4 Rc3 56. Kb5 Kb3 57. Ka5 Rc4 58. Kb5 Rc3 59. Ka5 Rc5+ 60. Kb6 Kb4 61. Ka6 Rb5 62. Ka7 Kc5 63. Ka6 Kc6 64. Ka7 Kc7 65. Ka6 Rc5 66. Ka7 Ra5# 0-1

[Event "Titled Tuesday intern op 16th Apr Early"]
[Site "Chess.com INT"]
[Date "2024.04.16"]
[Round "3"]
[White "Alonso Orta, Osiel Alberto"]
[Black "Marcziter, Dmitrii"]
[Result "1-0"]
[WhiteElo "2043"]
[BlackElo "2209"]
[PlyCount "43"]
[EventDate "2024.04.16"]
[EventType "swiss (blitz)"]
[EventRounds "11"]
[EventCountry "USA"]
[SourceTitle "CB17_2024"]
[SourceDate "2024.04.24"]
[SourceVersion "1"]
[SourceVersionDate "2024.04.24"]
[SourceQuality "1"]

1. e4 e5 2. Nf3 Nc6 3. Bb5 a6 4. Ba4 f5 5. 0-0 Nf6 6. d4 fxe4 7. Nxe5 Bd6 8. Bxc6 dxc6 9. Bg5 0-0 10. Nc3 Bf5 11. Re1 h6 12. Bxf6 Qxf6 13. Nc4 Bb4 14. Ne3 Bh7 15. Qe2 Qxd4 16. Rad1 Qf6 17. Qc4+ Kh8 18. Qxb4 Qxf2+ 19. Kh1 Rad8 20. h3 Rxd1 21. Ncxd1 Qg3 22. Qxf8+ 1-0

[Event "Guillermo Garcia Memorial U16 op 29th"]
[Site "Santa Clara"]
[Date "2022.05.02"]
[Round "1"]
[White "Neira Garcia, Llirbel Anei"]
[Black "Alonso Orta, Osiel Alberto"]
[Result "1-0"]
[WhiteElo "1803"]
[BlackElo "1527"]
[PlyCount "65"]
[EventDate "2022.05.02"]
[EventType "swiss"]
[EventRounds "7"]
[EventCountry "CUB"]
[SourceTitle "EXT 2023"]
[Source "ChessBase"]
[SourceDate "2022.10.05"]
[SourceVersion "1"]
[SourceVersionDate "2022.10.05"]
[SourceQuality "1"]

1. d4 Nf6 2. Nc3 d5 3. Bf4 c6 4. e3 Bf5 5. f3 Nbd7 6. g4 Bg6 7. h4 h6 8. h5 Bh7 9. Bd3 Bxd3 10. Qxd3 e6 11. Nge2 Nb6 12. Rg1 Qd7 13. e4 dxe4 14. fxe4 0-0-0 15. 0-0-0 a6 16. Qf3 Nc4 17. Kb1 Bb4 18. Nc1 Qe7 19. Nb3 e5 20. Bc1 Rhe8 21. g5 hxg5 22. Bxg5 exd4 23. Nxd4 Ne5 24. Qf5+ Kb8 25. Nde2 Nc4 26. h6 Rxd1+ 27. Rxd1 Rd8 28. Rxd8+ Qxd8 29. hxg7 Bxc3 30. Nxc3 Qd4 31. a3 Qb6 32. Nd1 Qd4 33. Qxf6 1-0